000 07937namaa22004451i 4500
003 EG-GICUC
005 20260427121457.0
008 260412s2025 ua a|||frm||| 000 0 eng d
040 _aEG-GICUC
_beng
_cEG-GICUC
_dEG-GICUC
_erda
041 0 _aeng
_beng
_bara
049 _aDeposit
082 0 4 _a618.1
092 _a618.1
_221
097 _aM.Sc
099 _aCai01.11.15.M.Sc.2025.Hi.A
100 0 _aHind Essa Ramadan Elish,
_epreparation.
245 1 0 _aAnalysis of the impact of COVID-19 pandemic and its vaccines on gynecologic surgery at kasr al-ainy hospital :
_begyptian experience /
_cby Hind Essa Ramadan Elish ; Supervision Dr. Dina Latif Mahroos Hatem, Dr. Mohammed Ramadan Mohammed Soliman, Dr. Ibrahim Badr Mohamed.
246 1 5 _aتحليل تأثير وباء كوفيد– 19ولقاحاته على الجراحات النسائية بمستشفى القصر العيني :
_bتجربة مصرية
264 0 _c2025.
300 _a95 pages :
_billustrations ;
_c25 cm. +
_eCD.
336 _atext
_2rda content
337 _aUnmediated
_2rdamedia
338 _avolume
_2rdacarrier
502 _aThesis (M.Sc)-Cairo University, 2025.
504 _aBibliography: pages 80-95.
520 3 _aBackground: The COVID-19 pandemic significantly disrupted healthcare systems worldwide, leading to delays in elective and non-emergency procedures, including gynecologic surgeries. Hospitals prioritized COVID-19 care, impacting surgical accessibility, delaying diagnoses, and increasing the burden of advanced-stage diseases. Vaccination played a crucial role in restoring surgical services, yet its effects on perioperative outcomes remain unclear. Objective: This study aimed to assess the impact of the COVID-19 pandemic and vaccination on gynecologic surgeries at Kasr Al-Ainy Hospital by evaluating surgical volume, patient demographics, postoperative complications, and hospital stay duration. Patients and Methods: A longitudinal cohort study was conducted, analyzing gynecologic surgeries across three periods: pre-pandemic (May-August 2019), pandemic before vaccination (May-August 2020), and post-vaccination (May-August 2021). Patients were categorized based on their surgery timing and vaccination status. Data, including demographics, surgical history, procedures, complications, and hospital stay, were extracted from electronic medical records. Results: Surgical volume decreased significantly during the pandemic but partially recovered post-vaccination. However, rates did not return to pre-pandemic levels, indicating a lasting impact on healthcare services. Postoperative complications varied, with a decline in infections and thromboembolic events post-vaccination but an increase in bleeding complications. Hospital stays were prolonged during the pandemic and, though improved post-vaccination, remained longer than pre-pandemic durations. Conclusion: COVID-19 and its vaccination rollout had a profound impact on gynecologic surgery at Kasr Al-Ainy Hospital. While vaccination facilitated the partial recovery of surgical services, persistent differences in surgical volume, complications, and hospital stays underscore the need for ongoing assessment and healthcare adaptation. Strengthening surgical preparedness, optimizing vaccination strategies, improving perioperative care, and implementing real-time data monitoring are essential to enhancing surgical resilience during future public health crises.
520 3 _aالخلفية: أحدثت جائحة كوفيد-19 اضطرابًا كبيرًا في أنظمة الرعاية الصحية على مستوى العالم، مما أدى إلى تأخير العمليات الجراحية الاختيارية وغير الطارئة، بما في ذلك جراحات أمراض النساء. أعطت المستشفيات الأولوية لرعاية مرضى كوفيد-19، مما أثر على إمكانية الوصول إلى العمليات الجراحية، وأدى إلى تأخير التشخيص، وزيادة عبء الأمراض في مراحلها المتقدمة. لعب التطعيم دورًا حاسمًا في استعادة الخدمات الجراحية، إلا أن آثاره على نتائج ما حول الجراحة لا تزال غير واضحة. الهدف: هدفت هذه الدراسة إلى تقييم تأثير جائحة كوفيد-19 والتطعيم على جراحات أمراض النساء في مستشفى قصر العيني من خلال تقييم حجم العمليات الجراحية، والخصائص الديموغرافية للمرضى، والمضاعفات بعد الجراحة، ومدة الإقامة في المستشفى. المرضى والأساليب: أُجريت دراسة أترابية طولية، لتحليل الجراحات النسائية عبر ثلاث فترات: ما قبل الجائحة (مايو - أغسطس 2019)، الجائحة قبل التطعيم (مايو - أغسطس 2020)، وما بعد التطعيم (مايو - أغسطس 2021). صُنِّف المرضى بناءً على توقيت الجراحة وحالة التطعيم. استُخرجت البيانات، بما في ذلك المعلومات الديموغرافية، والتاريخ الجراحي، والإجراءات، والمضاعفات، ومدة الإقامة في المستشفى، من السجلات الطبية الإلكترونية. النتائج: انخفض حجم العمليات الجراحية بشكل ملحوظ خلال الجائحة، ولكنه تعافى جزئيًا بعد التطعيم. ومع ذلك، لم تعد المعدلات إلى مستويات ما قبل الجائحة، مما يشير إلى تأثير دائم على خدمات الرعاية الصحية. تباينت المضاعفات بعد الجراحة، مع انخفاض في حالات العدوى والجلطات الدموية بعد التطعيم، ولكن مع زيادة في مضاعفات النزيف. طالت فترات الإقامة في المستشفى خلال الجائحة، ورغم تحسنها بعد التطعيم، إلا أنها ظلت أطول من فترات ما قبل الجائحة. الخلاصة: كان لجائحة كوفيد-19 وحملة التطعيم ضدها أثر بالغ على جراحة أمراض النساء في مستشفى قصر العيني. وبينما ساهم التطعيم في التعافي الجزئي للخدمات الجراحية، فإن استمرار الاختلافات في حجم العمليات الجراحية والمضاعفات وفترات الإقامة في المستشفى يؤكد الحاجة إلى التقييم المستمر وتكييف الرعاية الصحية. ويُعد تعزيز الجاهزية الجراحية، وتحسين استراتيجيات التطعيم، وتحسين الرعاية المحيطة بالجراحة، وتطبيق مراقبة البيانات في الوقت الفعلي، أمورًا أساسية لتعزيز مرونة الجراحة خلال أزمات الصحة العامة المستقبلية.
530 _aIssues also as CD.
546 _aText in English and abstract in Arabic & English.
650 0 _aGynecology
650 0 _aأمراض النساء
653 1 _aCOVID-19
_aGynecologic Surgery
_aPandemics
_aVaccination
700 0 _aDina Latif Mahroos Hatem
_ethesis advisor.
700 0 _aMohammed Ramadan Mohammed Soliman
_ethesis advisor.
700 0 _aIbrahim Badr Mohamed
_ethesis advisor.
900 _b01-01-2025
_cDina Latif Mahroos Hatem
_cMohammed Ramadan Mohammed Soliman
_cIbrahim Badr Mohamed
_UCairo University
_FFaculty of Medicine
_DDepartment of Obstetrics and Gynecology
905 _aShimaa
_eEman Ghareb
942 _2ddc
_cTH
_e21
_n0
999 _c179437